00849nam a2200241 a 450000100060000000300080000600500170001400800410003103500190007204000350009104100080012608200240013410000230015824500750018126000520025630000320030849000300034065000320037083000380040294200120044099900170045295201380046952683BD-RjUL20211209075838.0160925s1954 enk||||| |||| 00| 0 eng d a(BD-RjUL)52803 aBD-RjULbengcBD-RjULdBD-RjUL aeng 223a330.9bMAE 1954 aMayers, N.915756310aEcuador : beconomic and commercial conditions in Ecuador /cN. Mayers aLondon :bHer Majestys Stationeryboffice,c1954 aiv, 45 p. :bill. :c25 cm. aOverseas economic surveys aEconomic conditions9157564 aOverseas economic surveys9133628 2ddccBK c52683d52683 00102ddc40708NFICaRUCLbRUCLcStackd1957-08-08eB.I.Serimang12.00l0o330.9 MAE 1954r2016-09-25 00:00:00tC-2w2016-09-25yBK